Sports Quiz

Random Sports Quiz
Score 0/77 Timer 20:00
0 Plays Today
% Correct
Jokke Kangaskorpi
82.8%
Jokke Kangaskorpi
82.8%
Jokke Kangaskorpi
82.8%
Juuso Kangaskorpi
82.8%
Jokke Kangaskorpi
82.8%
Juuso Kangaskorpi
82.8%
Tibor Gruborovics
79.3%
Tibor Gruborovics
79.3%
Tibor Gruborovics
79.3%
Tibor Gruborovics
79.3%
Tibor Gruborovics
79.3%
Shefki Kuqi
79.3%
Jukka Ruhanen
75.9%
Jukka Ruhanen
75.9%
Jukka Ruhanen
75.9%
Jukka Ruhanen
75.9%
Jussi Jääskeläinen
75.9%
Jussi Jääskeläinen
75.9%
Juha Karvinen
72.4%
Juha Karvinen
72.4%
Juha Karvinen
72.4%
Juha Karvinen
72.4%
Juha Karvinen
72.4%
Jyrki Huhtamäki
65.5%
Timo-Pekka Viitikko
62.1%
Timo-Pekka Viitikko
62.1%
Timo-Pekka Viitikko
62.1%
Timo-Pekka Viitikko
62.1%
Timo-Pekka Viitikko
62.1%
Mikko Manninen
55.2%
Mikko Manninen
55.2%
Mikko Manninen
55.2%
Mikko Manninen
55.2%
Harri Saarelma
55.2%
Harri Saarelma
55.2%
Mikko Manninen
55.2%
John Allen
51.7%
John Allen
51.7%
Ilkka Mäkelä
51.7%
% Correct
John Allen
51.7%
Ilkka Mäkelä
51.7%
Ilkka Mäkelä
51.7%
Ilkka Mäkelä
51.7%
Ilkka Mäkelä
51.7%
Ilkka Mäkelä
51.7%
Ilkka Siitonen
48.3%
Esa Viitanen
48.3%
Esa Viitanen
48.3%
Kim Lehtonen
44.8%
Harri Korhonen
41.4%
Harri Korhonen
41.4%
Harri Puhakainen
37.9%
Stefan Lindström
34.5%
Gabor Arki
34.5%
Gabor Arki
34.5%
Pasi Nuija
34.5%
Jyrki Hämäläinen
31%
Antti Ronkainen
31%
Jyrki Hämäläinen
31%
Antti Ronkainen
31%
Jari Hudd
31%
Antti Ronkainen
31%
Jari Hudd
31%
Jari Hudd
31%
Jari Hudd
31%
Jouni Räsänen
27.6%
Jouni Räsänen
27.6%
Jouni Räsänen
27.6%
Niko Teräsalmi
24.1%
Janne Lahtonen
24.1%
Tommi Sallinen
20.7%
Hannu Valtonen
20.7%
Timo Tarhila
20.7%
Igor Kuznetshenkov
20.7%
Tommi Sallinen
20.7%
Jarno Soininen
20.7%
Sandor Csato
17.2%
Remove Ads.
Support Sporcle.
Get the best of Sporcle when you Go Orange. This ad-free experience offers more features, more stats, and more fun while also helping to support Sporcle. Thank you for becoming a member.

You're not logged in!

Compare scores with friends on all Sporcle quizzes.
OR
Log In

Show Comments

Extras

Created Apr 13, 2014SourceReportNominate
Tags:veikkausliiga

Top Quizzes Today


Score Distribution

Your Account Isn't Verified!

In order to create a playlist on Sporcle, you need to verify the email address you used during registration. Go to your Sporcle Settings to finish the process.

Report this User

Report this user for behavior that violates our Community Guidelines.

Details: